Loading...
| Social Science | 0 | 6 | 0 | 1 | 60 | 74 | 106.83 | 0 | 1 |
| Mythology | 0 | 5 | 0 | 2 | 50 | 71 | 120.60 | 1 | 1 |
| Religion | 0 | 5 | 0 | 0 | 50 | 37 | 88.20 | 1 | 1 |
| Philosophy | 0 | 6 | 3 | 2 | 45 | 83 | 120.00 | 0 | 0 |
| Any History | 0 | 4 | 0 | 3 | 40 | 89 | 125.00 | 0 | 0 |
| Science - Biology | 0 | 4 | 1 | 0 | 35 | 96 | 104.00 | 0 | 0 |
| Science - Other Science | 0 | 4 | 2 | 1 | 30 | 59 | 101.50 | 0 | 2 |
| Painting & Sculpture | 0 | 1 | 0 | 0 | 10 | 109 | 109.00 | 0 | 0 |
| Literature - World Literature | 0 | 1 | 0 | 1 | 10 | 154 | 154.00 | 0 | 0 |
| Other Academic | 0 | 1 | 0 | 0 | 10 | 129 | 129.00 | 0 | 0 |
| Fine Arts - Other Fine Arts | 0 | 1 | 0 | 0 | 10 | 108 | 108.00 | 0 | 0 |
| Literature - European Literature | 0 | 0 | 0 | 0 | 0 | 0.00 | 0 | 0 | |
| Geography | 0 | 0 | 1 | 0 | -5 | 0.00 | 0 | 0 |